00637 2200229 4500001002100000005001500021035002000036007000300056008004100059020001800100082000800118084001400126100002600140245009200166250001100258260003900269300002200308500003800330990001300368990001300381990001300394INLIS00000000000623320201220105727 a0010-1220000625ta201220 g 0 ind  a979-25-4517-4 a921 a921 RAC d0 aRACHMAD K. DWI SUSILO1 a20 TOKOH SOSIOLOGI MODERN :bBIOGRAFI PELETAK SOSIOLOGI MODERN /cRACHMAD K. DWI SUSILO aCet. 2 aYogyakarta :bAr-Ruzz Media,c2020 a444 ;c14 x 21 cm aBIOGRAFI PELETAK SOSIOLOGI MODERN a73457345 a73457345 a73457345